Kľúč k cvičebnici vybraných gramatických javov z nemeckého jazyka
Gespeichert in:
| 1. Verfasser: | |
|---|---|
| Körperschaft: | |
| Format: | Buch |
| Sprache: | Deutsch |
| Veröffentlicht: |
Bratislava
Ekonóm
2002
|
| Schlagworte: | |
| Tags: |
Keine Tags, Fügen Sie das erste Tag hinzu!
|
MARC
| LEADER | 00000nam a2200000 4500 | ||
|---|---|---|---|
| 001 | c136766 | ||
| 005 | 20221124092359.8 | ||
| 020 | |a 80-225-1565-5 | ||
| 041 | 0 | |a ger | |
| 044 | |a SK | ||
| 245 | 1 | 0 | |a Kľúč k cvičebnici vybraných gramatických javov z nemeckého jazyka |c Gabriela Hrušková |
| 264 | 1 | |a Bratislava |b Ekonóm |c 2002 | |
| 300 | |a 109 s. | ||
| 610 | 2 | 0 | |a nemčina |
| 610 | 2 | 0 | |a jazykoveda |
| 100 | 1 | |a Hrušková, Gabriela | |
| 710 | 2 | |a Ekonomická univerzita v Bratislave. Ústav jazykov | |